Максимы: пер. с фр.; Характеры, или нравы нынешнего века; Избранные беседы; Введение в познание человеческого разума; Максимы и мысли; Размышления и максимы

書目詳細資料
主要作者: де Ларошфуко Ф. Франсуа
語言:俄语
出版: Москва, АСТ, 2004
Copublished:Ж. де Лабрюйер. Характеры, или нравы нынешнего века; Ш. С.-Д. де Сент-Эвремон. Избранные беседы; Л. де К. де Вовенарг. Введение в познание человеческого разума; С.-Р. Н. Шамфор. Максимы и мысли; . Размышления и максимы
叢編:Золотой фонд мировой классики
主題:
格式: 圖書
KOHA link:https://koha.lib.tpu.ru/cgi-bin/koha/opac-detail.pl?biblionumber=66982

MARC

LEADER 00000nam0a2200000 4500
001 66982
005 20231031073212.0
010 |a 5170241488 
035 |a (RuTPU)RU\TPU\book\71335 
090 |a 66982 
100 |a 20040910d2004 m y0rusy50 ca 
101 1 |a rus  |c fre 
102 |a RU 
105 |a y z 000ay 
200 1 |a Максимы  |e пер. с фр.  |f Ф. де Ларошфуко 
210 |a Москва  |c АСТ  |d 2004 
215 |a 796 с. 
225 1 |a Золотой фонд мировой классики 
327 0 |a Содерж.: Максимы/ Ф. де Ларошфуко; Характеры, или нравы нынешнего века / Ж. де Лабрюйер и др. 
423 |t Характеры, или нравы нынешнего века  |f Ж. де Лабрюйер 
423 |t Избранные беседы  |f Ш. С.-Д. де Сент-Эвремон 
423 |t Введение в познание человеческого разума  |f Л. де К. де Вовенарг 
423 |t Максимы и мысли  |f С.-Р. Н. Шамфор 
423 |t Размышления и максимы  |a Шамфор, Себастьен-Рок Н. 
610 1 |a французская литература 
610 1 |a 17 век 
610 1 |a 18 век 
610 1 |a моралисты 
610 1 |a романы 
675 |a 84  |v 3 
700 1 |a де Ларошфуко  |b Ф.  |g Франсуа 
801 1 |a RU  |b 63413507  |c 20040910  |g PSBO 
801 2 |a RU  |b 63413507  |c 20130815  |g PSBO 
942 |c BK